000 00487nam a22001697a 4500
999 _c508078
_d508078
008 190307b ||||| |||| 00| 0 eng d
100 _aKumar, Shashi Bhushan
_93122
245 _aParyaavaran sanrakshan: vikaas evan pradushan kai bichh sangharsh
260 _c2018
300 _ap.71-89.
650 _aPollution
_93123
650 _aEconomic development
_93124
700 _aGautam, Shwetambu
_93125
773 _aLok Prashasan
906 _aEnvironmental protection
942 _cAR